000 01297naa a22003137a 4500
001 BR8303808
003 BR-BrBNA
005 20240918175319.0
007 ta
008 230509b bl.||||| |||| 00| 0 por d
040 _aBR-BrBNA
_bpor
_cBiblioteca Nacional de Agricultura
041 _a(Pt)
072 _aF00
_b0440
_bG514
090 _aF00 BR8303808
100 1 _aVieira, R.E.
111 1 _a2. Reuniao Estadual de Pesquisa e Assistencia Tecnica do Linho
_cCruz Alta, RS (Brazil)
_d3-4 May 1983
245 1 _aAvaliacao de cultivares introduzidas de linho (Linum usitatissimum L.)[Rio Grande do Sul, Brasil]
260 3 _aCruz Alta, RS (Brasil):
_c1983.
500 _aContribuicao do Centro de Experimentacao e Pesquisa a 2. Reuniao Estadual de Pesquisa e Assistencia Tecnica do Linho Cruz Alta, RS (Brasil): 1983. p. 14-22 (BR8303808-AM)F00
650 _aLINHO
650 _aVARIEDADE
650 _aCARACTERISTICAS AGRONOMICAS
650 _aCOMPORTAMENTO DE VARIEDADE
650 _aRENDIMENTO
650 _aRIO GRANDE DO SUL
773 0 _tContribuicao do Centro de Experimentacao e Pesquisa a 2. Reuniao Estadual de Pesquisa e Assistencia Tecnica do Linho
_wF00 BR8303808
_gCruz Alta, RS (Brasil), 1983. p. 14-22
909 _a202404
_bLucia
_c55
_dLucia Elande
942 _cAM
_2AGRIS
999 _c316083
_d316083